PRINCIPLE OF ORGANIC SYNTHESIS (Record no. 9475)
[ view plain ]
| 000 -LEADER | |
|---|---|
| fixed length control field | 01012nam a22001697a 4500 |
| 003 - CONTROL NUMBER IDENTIFIER | |
| control field | SGT |
| 020 ## - INTERNATIONAL STANDARD BOOK NUMBER | |
| International Standard Book Number | 9780748761623 |
| 082 ## - DEWEY DECIMAL CLASSIFICATION NUMBER | |
| Classification number | 547,NOR |
| 100 ## - MAIN ENTRY--PERSONAL NAME | |
| Personal name | NORMAN R.O.C. |
| 245 ## - TITLE STATEMENT | |
| Title | PRINCIPLE OF ORGANIC SYNTHESIS |
| 250 ## - EDITION STATEMENT | |
| Edition statement | 3RD |
| 260 ## - PUBLICATION, DISTRIBUTION, ETC. (IMPRINT) | |
| Place of publication, distribution, etc | NEW DELHI |
| Name of publisher, distributor, etc | CRC PRESS |
| Year of Publication | 2014 |
| 300 ## - PAGE DESCRIPTION | |
| No. of Pages | 811 |
| 650 ## - SUBJECT ADDED ENTRY--TOPICAL TERM | |
| Topical term or geographic name as entry element | ORGANIC CHEMISTRY |
| 653 ## - KEYWORDS--INDEX TERM | |
| Keyword term | CHEMICAL THERMODYNAMICS. MOLECULAR STRUCTURE. CHEMICAL KINETICS. MECHANISM. STEREOCHEMISTRY. FORMATION OF CARBON-CARBON BONDS. FORMATION OF ALIPHATIC CARBON-CARBON BONDS. PERICYCLIC REACTIONS. FORMATION OF ALIPHATIC CARBON-NITROGEN BONDS. ELECTROPHILIC AROMATIC SUBSTITUTION. NUCLEOPHILIC AROMATIC SUBSTITUTION. AROMATIC DIAZONIUM SALTS. MOLECULAR REARRANGEMENTS. REAGENTS CONTAINING PHOSPHORUS, SULFUR, SILICON OR BORON. PHOTOCHEMICAL REACTIONS. FREE-RADICAL REACTIONS. ORGANOTRANSITION AND REAGENTS. OXIDATION. REDUCTION. THE SYNTHESIS OF FIVE- AND SIX-MEMBERED HETEROCYCLIC COMPOUNDS. THE SYNTHESES OF SOME NATURALLY OCURRING COMPOUNDS. INDEX |
| 942 ## - ADDED ENTRY ELEMENTS (KOHA) | |
| Source of classification or shelving scheme | Dewey Decimal Classification |
| Koha item type | FPS Books |
No items available.